000 00961nam a2200325Ii 4500
001 42775
003 (BD-RJUL)
005 20211209053605.0
008 160615s1954 nyu b 000 0 eng d
035 _a(BD-RJUL) 42893
035 _a(OCoLC)04636024
040 _aNJG
_cNJG
_dMYG
_beng
041 _aeng
082 _223
_a330
_bLUS 1954
090 _aHB179
_b.L83 1954
100 1 _aLundberg, Erik,
_d1907-
_9131458
245 1 0 _aStudies in the theory of economic expansion /
_cby Erik Lundberg.
260 _aNew York :
_bKelley & Millman,
_c1954.
300 _ax, 265 p. :
_c22 cm.
490 1 _aReprints of economic classics
500 _aBibliography: p. [262]-265.
650 0 _aEconomics.
_9131459
650 0 _aEconomics, Mathematical.
_9116902
650 0 _aMoney.
_9131460
650 0 _aBusiness cycles.
_9130599
830 0 _aReprints of economic classics.
_9119014
942 _2ddc
_cBK
946 _at
949 _ac
_p39080020357296
999 _c42775
_d42775